[Event "Let's Play Chess!"]
[Site "http://www.queenalice.com/game.php?id=1867138"]
[Date "2025.12.18"]
[Round "-"]
[White "alow_proton"]
[Black "Rovigo"]
[Result "1-0"]
[WhiteElo "2128"]
[BlackElo "1491"]

1. e4 e5 2. f4 d6 3. Nf3 Nc6 4. Bc4 Be6 5. Bb5 Bd7 6. O-O a6 7. Bxc6 bxc6 8.
fxe5 dxe5 9. Nxe5 g6 10. Nxf7 Qe7 11. Nxh8 Kd8 12. Qf3 Be6 13. Qxf8+ Qe8 14. d3
Bc8 15. Nf7+ Kd7 16. Ne5+ Qxe5 17. Rf7+ Ne7 18. Bf4 Qd4+ 19. Kf1 Qd6 20. Bxd6
Kxd6 21. Qxe7# 1-0

[Event "Challenge"]
[Site "http://www.queenalice.com/game.php?id=1867957"]
[Date "2026.1.15"]
[Round "-"]
[White "gizmokaka"]
[Black "Rovigo"]
[Result "1-0"]
[WhiteElo "2849"]
[BlackElo "1489"]

1. c4 c5 2. Nf3 Nf6 3. e3 Nc6 4. d4 e6 5. d5 Nb4 6. Nc3 d6 7. e4 e5 8. a3 Bg4 9.
axb4 b6 10. bxc5 Rb8 11. Qa4+ Qd7 12. c6 Qc8 13. c7+ Bd7 14. cxb8=R Qxb8 15.
Qxa7 Qxa7 16. Rxa7 Be7 17. Be3 Bd8 18. h3 Ke7 19. Bd3 h5 20. Nb5 g6 21. Ke2 Re8
22. Bg5 Rf8 23. Rha1 Rh8 24. Bxf6+ Kxf6 25. Rxd7 Rf8 26. Raa7 Kg7 27. Nxd6 Bf6
28. Nxf7 Rxf7 29. Rxf7+ Kg8 30. Rxf6 1-0

[Event "Challenge"]
[Site "http://www.queenalice.com/game.php?id=1873871"]
[Date "2026.5.23"]
[Round "-"]
[White "jogo"]
[Black "Rovigo"]
[Result "1-0"]
[WhiteElo "1258"]
[BlackElo "1494"]

1. e4 e5 2. Nf3 d6 3. d4 Bg4 4. dxe5 Bxf3 5. Qxf3 f6 6. exf6 gxf6 7. Bc4 Be7 8.
Qh5+ Kd7 9. Qh3+ Ke8 10. Be6 Nc6 11. Qh5+ Kf8 12. Qf7# 1-0